|
|
|
|
| LEADER |
01069nam a2200265 a 4500 |
| 001 |
13159100 |
| 008 |
090513s2004 maua b 001 0 eng d |
| 010 |
|
|
|a \\2003051048
|
| 020 |
|
|
|a 0072483059
|
| 040 |
|
|
|a DLC
|c DLC
|d DLC
|
| 082 |
0 |
0 |
|a 624.1/8341
|2 21
|
| 100 |
1 |
|
|a Nilson, Arthur H.
|
| 245 |
1 |
0 |
|a Design of concrete structures /
|c Arthur H. Nilson, David Darwin, Charles W. Dolan.
|
| 250 |
|
|
|a 13th ed.
|
| 260 |
|
|
|a Boston :
|b McGraw-Hill Higher Education,
|c c2004.
|
| 300 |
|
|
|a xvii, 779 p. :
|b ill. ;
|c 26 cm.
|
| 504 |
|
|
|a Includes bibliographical references and index.
|
| 541 |
1 |
|
|e 00012908
|
| 650 |
|
0 |
|a Reinforced concrete construction.
|
| 650 |
|
0 |
|a Prestressed concrete construction.
|
| 700 |
1 |
|
|a Darwin, David.
|
| 700 |
1 |
|
|a Dolan, Charles W.
|q (Charles William),
|d 1943-
|
| 852 |
4 |
|
|a Ayesha Abed Library
|j Generalshelf
|
| 999 |
|
|
|c 676
|d 676
|
| 952 |
|
|
|0 0
|1 0
|2 ddc
|4 0
|6 624_183410000000000_NIL
|7 0
|8 NFIC
|9 623
|a BRACUL
|b BRACUL
|c GEN
|d 2009-05-13
|g 0.00
|l 1
|m 26
|o 624.18341 NIL
|p 3010012908
|r 2017-09-13
|s 2017-02-27
|t 1
|w 2009-05-13
|y BK
|x No price found in the accession register.
|